zpět

Detail výsledku týmu

Harry, Brno

Datum a čas kvízu

23.5 Celkem bodů Celkový počet nahraných bodů na tomto kvízu bez doplňovacích otázek.
10. Pořadí na kvízu Konečné umístění týmu na tomto kvízu.

Zaznamenané odpovědi

# Otázka Odpověď Body Výsledky
1. Jak se nazývá zámek nedaleko P... Štiřín 0
2. Buckinghamský palác odhalil v... D) motýl 0
3. Jeden z 28 evropských koncertů... Thirty Seconds to Mars (30 Seconds to Mars) 1
4. Bývalá manželka Billa Gatese M... Gatesova nadace 0
5. Sudí Jan Smit dostal v nejmeno... v Nizozemsku 0
6. Bájného českého knížete Kroka,... Krakov 0
7. K Janu Žižkovi se váže jistá p... C 0
8. Přiřaďte k sobě dvojice hrdinů... 1D 2A 3C 4B 0
9. Václav Podbrdský byl kameník,... A 1
10. Pokud dokážete určit, co tento... Stadice 0